Lobotomy corporation abnormality - Statistics

General Stats
  • This quiz has been taken 354 times
  • The average score is 44 of 85
Answer Stats
Subject number Risk Level Qlipoth Counter Answer % Correct
O-06-20 ALEPH 1 Nothing There
89%
O-02-40 WAW 5 Big Bird
86%
O-01-04 WAW 2 The Queen of Hatred
84%
O-02-56 TETH 4 Punishing Bird
83%
O-02-62 WAW 2 Judgement Bird
82%
D-03-109 ALEPH 3 Melting Love
82%
T-03-46 ALEPH 3 WhiteNight
82%
O-01-64 WAW 1 The King of Greed
79%
O-02-63 ALEPH X Apocalypse Bird
78%
O-03-93 ALEPH 2 Blue Star
77%
T-01-75 ALEPH 2 The Mountain of Smiling Bodies
76%
O-03-03 ZAYIN X One Sin and Hundreds of Good Deeds
75%
O-03-89 ALEPH 2 CENSORED
74%
O-01-45 ZAYIN 1 Plague Doctor
72%
T-01-31 ALEPH 2 The Silent Orchestra
71%
O-01-73 WAW X The Knight of Despair
70%
F-04-83 ZAYIN X Fairy Festival
67%
F-02-58 WAW 2 Big and Will be Bad Wolf
66%
F-01-69 HE 3 Der Freischütz
66%
D-01-106 ZAYIN 3 Army In Black
65%
O-01-67 HE X Laetitia
61%
O-05-102 WAW 2 Yin
60%
O-07-103 WAW X Yang
59%
O-04-08 HE 4 Red Shoes
58%
F-01-57 WAW 3 Little Red Riding Hooded Mercenary
57%
T-05-51 TETH X Bloodbath
56%
F-01-02 TETH 2 Scorched Girl
56%
O-05-30 HE 1 Singing Machine
56%
T-01-68 HE 2 Funeral of the Dead Butterflies
55%
T-01-54 TETH 1 Forsaken Murderer
54%
T-02-43 TETH X Spider Bud
54%
F-01-37 HE X The Snow Queen
54%
T-09-86 WAW X Express Train to Hell
53%
T-04-50 WAW 1 Queen Bee
53%
O-01-12 TETH 4 Old Lady
52%
D-02-107 TETH 2 Ppodae
52%
F-01-87 HE 2 Scarecrow Searching for Wisdom
52%
O-04-72 WAW 3 The Burrowing Heaven
52%
T-05-41 HE 2 All-Around Helper
51%
F-05-32 HE 1 Warm-Hearted Woodsman
51%
Bald-Is-Awesome! ZAYIN X You're Bald...
51%
O-03-60 TETH 2 Fragment of the Universe
49%
O-01-55 HE 5 Child of the Galaxy
48%
F-05-52 ZAYIN X Opened Can of WellCheers
48%
T-04-06 HE Z Happy Teddy Bear
47%
O-05-76 HE 2 Schadenfreude
47%
F-04-42 WAW 1 Snow White's Apple
47%
F-02-44 TETH X Beauty and the Beast
45%
F-02-70 WAW 5 Dream of a Black Swan
45%
O-01-15 HE 1 Nameless Fetus
45%
D-04-108 WAW 1 Parasite Tree
45%
T-09-77 TETH X The Heart of Aspiration
45%
T-04-53 WAW 1 Alriune
44%
D-01-110 WAW 3 Clouded Monk
44%
O-04-84 TETH 1 Meat Lantern
43%
T-02-71 WAW 2 The Dreaming Current
43%
O-02-101 WAW 2 The Firebird
43%
F-01-18 TETH 2 The Lady Facing the Wall
43%
O-04-66 WAW 2 The Little Prince
43%
T-09-85 ZAYIN X We Can Change Anything
43%
T-09-78 HE X Notes from a Crazed Researcher
42%
O-02-98 HE 2 Porccubus
42%
O-05-61 TETH X Crumbling Armor
41%
T-09-79 WAW X Flesh Idol
41%
T-09-82 HE X Shelter from the 27th of March
41%
O-02-74 WAW X The Naked Nest
41%
T-06-27 TETH 4 1.76 MHz
40%
O-05-47 ZAYIN X Don't Touch Me
40%
D-09-104 WAW X Backward Clock
39%
T-09-09 TETH X Theresia
39%
O-09-95 TETH X Luminous Bracelet
37%
O-01-92 TETH X Today's Shy Look
37%
T-02-99 TETH 3 Void Dream
37%
T-09-80 HE X Giant Tree Sap
36%
T-09-94 ZAYIN X You Must Be Happy
36%
O-09-81 ZAYIN X Mirror of Adjustment
35%
O-09-96 TETH X Behavior Adjustment
34%
T-09-90 TETH X Skin Prophecy
34%
00-00-00 TETH 1 Standard Training-Dummy Rabbit
34%
T-09-97 ZAYIN 2 Old Faith and Promise
33%
O-09-91 HE X Portrait of Another World
32%
F-02-49 HE 2 Rudolta of the Sleigh
32%
O-04-100 TETH 3 Grave of Cherry Blossoms
31%
D-01-105 WAW 3 Il Pianto della Luna
31%
O-03-88 WAW 2 Dimensional Refraction Variant
29%
No matching quizzes found
Score Distribution
Percent of People with Each Score
Percentile by Number Answered
Your Score History
You have not taken this quiz